[Event "AUTO-OPEN-204"]
[Site "http://www.queenalice.com/game.php?id=47490"]
[Date "2006.1.11"]
[Round "1"]
[White "kynyo"]
[Black "RLBadKarma"]
[Result "0-1"]
[WhiteElo "1644"]
[BlackElo "1500"]

1. e4 c5 2. d4 cxd4 3. Qxd4 Nc6 4. Qd1 Nf6 5. Nc3 g6 6. Bc4 e5 7. a3 Nd4 8. Nf3
Bc5 9. Nxe5 O-O 10. Bg5 d6 11. Nd3 Re8 12. O-O Qc7 13. Bxf6 a6 14. Nxc5 dxc5 15.
e5 Qc6 16. Nd5 Nf5 17. g4 Nd4 18. Ne7+ Rxe7 19. Bxe7 b5 20. Ba2 Bb7 21. c3 Qh1#
0-1

[Event "AUTO-OPEN-204"]
[Site "http://www.queenalice.com/game.php?id=47491"]
[Date "2006.1.11"]
[Round "1"]
[White "RLBadKarma"]
[Black "kynyo"]
[Result "1-0"]
[WhiteElo "1772"]
[BlackElo "1644"]

1. d4 d5 2. e3 Nf6 3. Bd3 e6 4. f4 Be7 5. Nf3 O-O 6. Nc3 Nc6 7. O-O h6 8. Qe2 a6
9. e4 dxe4 10. Nxe4 Nxe4 11. Qxe4 g6 12. Bc4 Bf6 13. c3 Re8 14. Ne5 Nxe5 15.
fxe5 Bg7 16. Bd3 Rb8 17. Rxf7 Kxf7 18. Qxg6+ Kf8 19. Bxh6 Re7 20. Rf1+ Kg8 21.
Qh7# 1-0

[Event "AUTO-OPEN-204"]
[Site "http://www.queenalice.com/game.php?id=47514"]
[Date "2006.1.11"]
[Round "1"]
[White "RLBadKarma"]
[Black "egaray"]
[Result "0-1"]
[WhiteElo "1863"]
[BlackElo "2101"]

1. d4 Nf6 2. c4 e5 3. dxe5 Ng4 4. e4 Nxe5 5. Nf3 Bb4+ 6. Nc3 Nxf3+ 7. Qxf3 d6 8.
c5 Bxc5 9. Bc4 O-O 10. O-O Nc6 11. Qg3 Ne5 12. Bh6 Bg4 13. Bf4 Nxc4 14. h3 Bd7
15. Bh6 Qf6 16. Bg5 Qg6 17. Nd5 Rae8 18. Ne7+ Rxe7 19. Bxe7 Qxg3 20. Bxf8 Bxh3
0-1

[Event "AUTO-OPEN-204"]
[Site "http://www.queenalice.com/game.php?id=47515"]
[Date "2006.1.11"]
[Round "1"]
[White "egaray"]
[Black "RLBadKarma"]
[Result "1-0"]
[WhiteElo "2149"]
[BlackElo "1822"]

1. g4 d5 2. g5 g6 3. h4 e5 4. d4 e4 5. Bg2 Bf5 6. h5 Nc6 7. c3 e3 8. Bxe3 Qd7 9.
hxg6 fxg6 10. Nh3 O-O-O 11. Nf4 Be7 12. Nxd5 Bd6 13. Nd2 Re8 14. Nc4 Qe6 15. Qb3
Be4 16. Bh3 Bf5 17. Nxd6+ Qxd6 18. Bxf5+ gxf5 19. Bf4 Qe6 20. e3 Na5 21. Qa4 Nc6
22. Nxc7 Qe4 23. O-O-O Re7 24. Nb5 Qf3 25. d5 Ne5 26. Nxa7+ Kd8 27. Nc6+ Nxc6
28. dxc6+ Ke8 29. c7+ Kf8 30. c8=Q+ 1-0

[Event "AUTO-OPEN-204"]
[Site "http://www.queenalice.com/game.php?id=47516"]
[Date "2006.1.11"]
[Round "1"]
[White "RLBadKarma"]
[Black "Escila"]
[Result "0-1"]
[WhiteElo "1808"]
[BlackElo "1783"]

1. d4 d5 2. c4 c6 3. Nc3 Nf6 4. Bf4 Nbd7 5. Nf3 e6 6. c5 b6 7. b4 b5 8. e3 Nh5
9. Ne5 Nxe5 10. Bxe5 f6 11. Bxf6 Nxf6 12. Bd3 a5 13. bxa5 Qxa5 14. Qd2 Ba6 15.
O-O b4 16. Ne2 Bxd3 17. Qxd3 Qa3 18. Qc2 Be7 19. Nf4 Kf7 20. Rfb1 Qc3 21. Qxc3
bxc3 22. Rb7 Rhb8 23. Rc7 c2 24. Rc1 Rb1 25. Nd3 Rxa2 26. Rxc6 Raa1 27. Kf1
Rxc1+ 28. Ke2 Rd1 0-1

[Event "AUTO-OPEN-204"]
[Site "http://www.queenalice.com/game.php?id=47517"]
[Date "2006.1.11"]
[Round "1"]
[White "Escila"]
[Black "RLBadKarma"]
[Result "1-0"]
[WhiteElo "1901"]
[BlackElo "1778"]

1. e4 e6 2. Nf3 c5 3. g3 Nf6 4. d3 d5 5. exd5 exd5 6. Qe2+ Be7 7. Bg2 O-O 8. O-O
d4 9. c4 Re8 10. Qd2 Nc6 11. Ng5 Ne5 12. f4 Nfg4 13. Qe2 Nc6 14. Bxc6 bxc6 15.
Nf3 Bh4 16. Qg2 Bf6 17. Bd2 Bf5 18. Ne5 Nxe5 19. fxe5 Rxe5 20. Rf3 Bg5 21. g4
Bg6 22. Qg3 Re2 23. Bxg5 Qxg5 24. Na3 Qd2 25. h4 Rae8 26. Kf1 R2e3 27. Rxe3 dxe3
28. Re1 e2+ 29. Kf2 h6 30. Nb1 Qxd3 31. Qxd3 Bxd3 32. Nd2 Re6 33. Nf3 Bxc4 34.
b3 Bb5 35. Rc1 Rf6 36. Ke3 Re6+ 37. Kf2 Rd6 38. Rxc5 Kf8 39. a4 Bd3 40. g5 h5
41. Ne1 Ba6 42. Ra5 c5 43. Rxc5 Rd4 44. Rc7 Rf4+ 45. Ke3 Rf1 46. Kd2 f5 47. Rxa7
Bd3 48. Nxd3 f4 49. Kxe2 Rh1 50. Nxf4 Rxh4 51. Ng6+ 1-0

[Event "Challenge"]
[Site "http://www.queenalice.com/game.php?id=50403"]
[Date "2006.2.1"]
[Round "-"]
[White "Wifeykaz"]
[Black "RLBadKarma"]
[Result "0-1"]
[WhiteElo "1179"]
[BlackElo "1808"]

1. e3 e5 2. e4 Nf6 3. f3 d5 4. exd5 Nxd5 5. Ne2 Nc6 6. Nbc3 Bc5 7. Ne4 Bb6 8.
N2c3 Nd4 9. Bc4 Be6 10. Bb5+ c6 11. O-O cxb5 12. a4 Qh4 13. Nd6+ Kf8 14. g3
Nxf3+ 15. Kg2 Qxh2+ 16. Kxf3 Qh5+ 17. Ke4 Nf6+ 18. Kd3 Bc4+ 19. Nxc4 Rd8+ 20.
Nd5 b4 21. c3 Rxd5+ 22. Kc2 Qg6+ 23. Kb3 a5 24. Nxb6 Rc5 25. d4 exd4 26. cxd4
Qxg3+ 27. Ka2 b3+ 28. Kb1 Qg6+ 29. Qc2 Qxc2# 0-1

[Event "Challenge"]
[Site "http://www.queenalice.com/game.php?id=58622"]
[Date "2006.3.21"]
[Round "-"]
[White "pawn_buzzard"]
[Black "RLBadKarma"]
[Result "0-1"]
[WhiteElo "1593"]
[BlackElo "1747"]

1. d4 d5 2. Bg5 h6 3. Bh4 g5 4. Bg3 Bg7 5. e3 Nf6 6. Be5 Nc6 7. e4 Nxe5 8. dxe5
Nxe4 9. Qd4 c5 10. Bb5+ Bd7 11. Qxd5 Bxb5 12. Qxe4 Qd7 13. Nc3 f5 14. exf6 Bxf6
15. Qg6+ Kf8 16. Nge2 Bc4 17. Qe4 Ba6 18. Qf3 Rd8 19. Rd1 Qc8 20. Rxd8+ Qxd8 21.
O-O Kg7 22. Rd1 Qc7 23. g3 b5 24. a3 Bb7 25. Qf5 Qc6 26. f3 e6 27. Qd3 g4 28.
Qd7+ Kg6 29. Qxc6 Bxc6 30. f4 Bf3 31. Re1 Rd8 32. Nxb5 Rd2 33. Kf2 a6 34. Nc7
Bd4+ 35. Kf1 Bxb2 36. Nxe6 Bxa3 37. Kf2 Bb4 38. c3 Bxc3 39. f5+ Kxf5 40. Nf4 a5
41. h3 a4 42. Ke3 Bxe2 43. Rxe2 Rxe2+ 44. Nxe2 Bd4+ 0-1

[Event "Challenge"]
[Site "http://www.queenalice.com/game.php?id=257270"]
[Date "2007.8.18"]
[Round "-"]
[White "Mike36bh"]
[Black "RLBadKarma"]
[Result "1-0"]
[WhiteElo "1678"]
[BlackElo "1747"]

1. d4 d5 2. Nc3 Nf6 3. Bf4 Nc6 4. Nb5 e5 5. dxe5 Ne4 6. e6 Bd6 7. exf7+ Kxf7 8.
Qxd5+ Be6 9. Qxe4 Bd5 10. Qxd5+ Ke8 11. Bxd6 1-0

[Event "AUTO-ADV-615"]
[Site "http://www.queenalice.com/game.php?id=258073"]
[Date "2007.8.19"]
[Round "1"]
[White "anderson"]
[Black "RLBadKarma"]
[Result "1-0"]
[WhiteElo "1782"]
[BlackElo "1685"]

1. e4 c5 2. Nf3 d6 3. d4 cxd4 4. Nxd4 e5 5. Nf3 Nf6 6. Nc3 g6 7. Bg5 Bg7 8. Bc4
O-O 9. Nd5 Qa5+ 10. b4 Qa4 11. Bxf6 Bxf6 12. Nxf6+ Kg7 13. Nd5 Nc6 14. a3 Nd4
15. Nxd4 exd4 16. Qxd4+ Kg8 17. Ne7# 1-0

[Event "AUTO-ADV-615"]
[Site "http://www.queenalice.com/game.php?id=258074"]
[Date "2007.8.19"]
[Round "1"]
[White "RLBadKarma"]
[Black "anderson"]
[Result "0-1"]
[WhiteElo "1659"]
[BlackElo "1798"]

1. d4 Nf6 2. c4 e6 3. Nf3 d5 4. Nc3 Be7 5. Ne5 c6 6. e4 dxe4 7. c5 O-O 8. Bg5
Nbd7 9. Bc4 h6 10. Bh4 Nxe5 11. dxe5 Nd7 12. Bxe7 Qxe7 13. Nxe4 Nxc5 14. Nxc5
Qxc5 15. Rc1 Qxe5+ 16. Qe2 Qxe2+ 17. Bxe2 Rd8 18. O-O Rd2 19. Bf3 Rxb2 20. Ra1
e5 21. Rfd1 Be6 22. a3 a5 23. Rd6 Kf8 24. h3 Ke7 25. Rad1 Ra2 26. Bg4 Bxg4 27.
hxg4 Rb8 28. R1d3 Rxa3 29. Rd7+ Ke8 30. Rxa3 Kxd7 31. Rxa5 Kd6 32. Ra2 b5 33.
Rd2+ Kc5 34. Kf1 b4 35. Rb2 Kb5 36. Ke2 c5 37. Kd2 c4 38. Kc1 c3 39. Rb3 Kc4 40.
Kc2 Rd8 41. Rb1 Rd2+ 42. Kc1 Rxf2 0-1

[Event "AUTO-ADV-615"]
[Site "http://www.queenalice.com/game.php?id=258081"]
[Date "2007.8.19"]
[Round "1"]
[White "RLBadKarma"]
[Black "jlgonzalvez"]
[Result "0-1"]
[WhiteElo "1663"]
[BlackElo "1992"]

1. d4 Nf6 2. c4 g6 3. e3 Bg7 4. Bd3 O-O 5. Nf3 d6 6. O-O Nbd7 7. Nc3 e5 8. d5
Nc5 9. e4 Nxd3 10. Qxd3 Nd7 11. Bg5 f6 12. Be3 f5 13. Bg5 Nf6 14. c5 h6 15. Bxf6
Qxf6 16. Rae1 dxc5 17. Na4 fxe4 18. Qxe4 Bf5 19. Qxe5 Qa6 20. Nxc5 Bxe5 21. Nxa6
Bd6 22. Nxc7 Bxc7 23. Re7 Rf7 24. Rfe1 Bd6 25. R7e2 Bg4 26. Re8+ Rxe8 27. Rxe8+
Rf8 28. Re3 Bxf3 29. gxf3 Kf7 30. Re6 Rd8 31. h4 h5 32. a3 Be7 33. d6 Kxe6 34.
dxe7 Kxe7 35. Kg2 Kf6 36. Kg3 Kf5 37. f4 Rd3+ 38. f3 Rd2 39. b4 b5 0-1

[Event "AUTO-ADV-615"]
[Site "http://www.queenalice.com/game.php?id=258082"]
[Date "2007.8.19"]
[Round "1"]
[White "jlgonzalvez"]
[Black "RLBadKarma"]
[Result "1-0"]
[WhiteElo "1934"]
[BlackElo "1700"]

1. e4 d5 2. exd5 Qxd5 3. Nc3 Qa5 4. d4 Nf6 5. Nf3 Bg4 6. h3 Bxf3 7. Qxf3 c6 8.
Bd2 Qb6 9. O-O-O e6 10. Na4 Qxd4 11. Nc3 Qb4 12. Nb5 Qe7 13. Bg5 cxb5 14. Bxb5+
Nbd7 15. Bxd7+ Kd8 16. Qxb7 Qc5 17. Qxa8+ Ke7 18. Qe8# 1-0

[Event "AUTO-INT-1943"]
[Site "http://www.queenalice.com/game.php?id=895744"]
[Date "2011.2.4"]
[Round "1"]
[White "Ralfostarr"]
[Black "RLBadKarma"]
[Result "1-0"]
[WhiteElo "1394"]
[BlackElo "1644"]

1. e4 Nf6 2. Nc3 g6 3. d4 Bg7 4. Bg5 d6 5. Nf3 O-O 6. Bc4 Bg4 7. O-O Re8 8. h3
Bxf3 9. Qxf3 Nc6 10. Bb5 a6 11. Bxc6 bxc6 12. e5 dxe5 13. Bxf6 exf6 14. dxe5
fxe5 15. Rad1 Qb8 16. b3 e4 17. Nxe4 Qb5 18. c4 Qe5 19. Rd7 Red8 20. Rfd1 Rxd7
21. Rxd7 Rc8 22. Qxf7+ Kh8 23. Re7 Rf8 24. Qxf8+ Bxf8 25. Rxe5 Bb4 26. f4 Kg7
27. g4 Ba3 28. g5 Bc1 29. Re7+ Kf8 30. Rxh7 1-0

[Event "AUTO-INT-1943"]
[Site "http://www.queenalice.com/game.php?id=895745"]
[Date "2011.2.4"]
[Round "1"]
[White "RLBadKarma"]
[Black "Ralfostarr"]
[Result "1-0"]
[WhiteElo "1642"]
[BlackElo "1371"]

1. Nf3 Nc6 2. g3 e5 3. Bg2 e4 4. Nh4 g5 5. Nf5 d5 6. Ne3 f5 7. O-O f4 8. Nxd5
Qxd5 9. Nc3 Qf7 10. Nxe4 fxg3 11. Nxg3 h5 12. e4 h4 13. Nh5 Bg4 14. Qxg4 Rxh5
15. d3 Rd8 16. Bxg5 Be7 17. Bxe7 Ngxe7 18. f4 Nb4 19. Rfc1 Rd4 20. c3 Nxd3 21.
cxd4 Nxc1 22. Rxc1 Qxa2 23. Qxh5+ Kd7 24. Qg4+ Kd6 25. e5# 1-0

[Event "AUTO-INT-1943"]
[Site "http://www.queenalice.com/game.php?id=895758"]
[Date "2011.2.4"]
[Round "1"]
[White "RLBadKarma"]
[Black "Tartcover"]
[Result "0-1"]
[WhiteElo "1590"]
[BlackElo "1610"]

1. Nf3 d5 2. g3 c5 3. Bg2 Nf6 4. O-O Nc6 5. d3 e5 6. Nbd2 Bd6 7. e4 Bg4 8. Re1
Nd4 9. c3 Nxf3+ 10. Nxf3 O-O 11. h3 Bd7 12. Bg5 h6 13. Be3 d4 14. Bd2 b5 15. Qb3
a5 16. c4 b4 17. a3 Qb8 18. a4 Be6 19. Qd1 Qc8 20. h4 Bh3 21. Nh2 Bxg2 22. Kxg2
Ra6 23. b3 Be7 24. f3 Nh7 25. f4 f6 26. f5 Qe8 27. h5 Ng5 28. Qg4 Ra7 29. Nf3
Bd8 30. Bxg5 fxg5 31. Rf1 Bf6 32. Qh3 Kh7 33. Kf2 Rc7 34. g4 Qd7 35. Rg1 Qe7 36.
Qh2 Qf7 37. Rg3 Ra7 38. Rag1 Bd8 39. Rh3 Ra6 40. Qxe5 Bc7 0-1

[Event "AUTO-INT-1943"]
[Site "http://www.queenalice.com/game.php?id=895759"]
[Date "2011.2.4"]
[Round "1"]
[White "Tartcover"]
[Black "RLBadKarma"]
[Result "1-0"]
[WhiteElo "1593"]
[BlackElo "1610"]

1. d4 Nf6 2. c4 g6 3. Nc3 Bg7 4. e4 d6 5. Be3 O-O 6. Be2 Nbd7 7. Nf3 Re8 8. O-O
e5 9. d5 c6 10. dxc6 bxc6 11. Qxd6 Re6 12. Qd2 Ng4 13. h3 Nxe3 14. Qxe3 f6 15.
Rfd1 Qc7 16. b4 c5 17. Nd5 Qb8 18. bxc5 Bf8 19. Rab1 Bb7 20. Rb3 Nxc5 21. Rb2
Qc8 22. Rdb1 Ba6 23. Nd2 f5 24. exf5 gxf5 25. Qg5+ Kh8 26. Bf3 e4 27. Bh5 Bh6
28. Qg3 Nd3 29. Rc2 Bxd2 30. Rxd2 Bxc4 31. Nf4 Nxf4 32. Bf7 Ne2+ 33. Rxe2 Bxe2
34. Bxe6 Qf8 35. Rb7 Qf6 36. Rb8+ Rxb8 37. Qxb8+ Kg7 38. Qxa7+ Kg6 39. Bb3 Qg5
40. Bg8 Bf3 41. Qf7+ 1-0

[Event "AUTO-INT-1943"]
[Site "http://www.queenalice.com/game.php?id=895760"]
[Date "2011.2.4"]
[Round "1"]
[White "RLBadKarma"]
[Black "FLAMENGO_B"]
[Result "0-1"]
[WhiteElo "1610"]
[BlackElo "2005"]

1. Nf3 d5 2. g3 Bg4 3. Bg2 Nd7 4. O-O Ngf6 5. d3 e6 6. Nbd2 Be7 7. Re1 O-O 8. e4
e5 9. b3 Bb4 10. a3 Bc3 11. Ra2 Nc5 12. Bb2 Bxb2 13. Rxb2 dxe4 14. dxe4 Qd7 15.
Qe2 Rad8 16. b4 Na4 17. Rb3 c5 18. bxc5 Nxc5 19. Rc3 b6 20. Nc4 Bxf3 21. Bxf3
Rfe8 22. Qe3 Qd4 23. h4 Na4 24. Rb3 Qxc4 25. Rb4 Qc6 26. Be2 Nc3 27. Bc4 Nfxe4
28. f3 Rd4 29. fxe4 Rxc4 30. Rxc4 Qxc4 31. Qd2 Nxe4 32. Qe3 Nf6 33. Rd1 Ng4 34.
Qd2 Qc5+ 35. Kg2 Ne3+ 0-1

[Event "AUTO-INT-1943"]
[Site "http://www.queenalice.com/game.php?id=895761"]
[Date "2011.2.4"]
[Round "1"]
[White "FLAMENGO_B"]
[Black "RLBadKarma"]
[Result "1-0"]
[WhiteElo "1945"]
[BlackElo "1650"]

1. d4 g6 2. e4 Bg7 3. c4 Nf6 4. e5 Ne4 5. f3 Nf2 6. Kxf2 e6 7. Nc3 O-O 8. Ne4 d5
9. Bg5 Qe8 10. cxd5 exd5 11. Nf6+ Bxf6 12. Bxf6 Nd7 13. Bg5 Qe6 14. Ne2 Qf5 15.
Bh6 Re8 16. Nf4 Nb6 17. Qd2 f6 18. Bb5 c6 19. Bd3 Qd7 20. exf6 Qf7 21. Rae1 Bd7
22. Bg5 h6 23. Bxg6 Qg7 24. fxg7 hxg5 25. Bxe8 1-0